ARRUPE JESUIT UNIVERSITY

CORONAVIRUS -STOP THE SPREAD - CLEAN,DISINFECT,COVER

Postcolonial african philosophy (Record no. 17841)

MARC details
000 -LEADER
fixed length control field 00558nam a2200229Ia 4500
003 - CONTROL NUMBER IDENTIFIER
control field 0100
005 - DATE AND TIME OF LATEST TRANSACTION
control field 20180924113605.0
008 - FIXED-LENGTH DATA ELEMENTS--GENERAL INFORMATION
fixed length control field 130303s9999 xx 000 0 und d
020 ## - INTERNATIONAL STANDARD BOOK NUMBER
International Standard Book Number 0631203400
040 ## - CATALOGING SOURCE
Transcribing agency ARRUPELIB
050 ## - LIBRARY OF CONGRESS CALL NUMBER
Classification number B5320.P67 1997
300 ## - PHYSICAL DESCRIPTION
Other physical details 374p. 23cm.
100 ## - MAIN ENTRY--PERSONAL NAME
Personal name Eze, Emmanuel Chikwudi (ed.)
9 (RLIN) 42498
245 ## - TITLE STATEMENT
Title Postcolonial african philosophy
245 ## - TITLE STATEMENT
Remainder of title a critical reader
260 ## - PUBLICATION, DISTRIBUTION, ETC. (IMPRINT)
Place of publication, distribution, etc Massachusetts
260 ## - PUBLICATION, DISTRIBUTION, ETC. (IMPRINT)
Name of publisher, distributor, etc Blackwell Publishers
Date of publication, distribution, etc 1997
300 ## - PHYSICAL DESCRIPTION
Extent ix
650 ## - SUBJECT ADDED ENTRY--TOPICAL TERM
Topical term or geographic name as entry element PHILOSOPHY
9 (RLIN) 42499
650 ## - SUBJECT ADDED ENTRY--TOPICAL TERM
9 (RLIN) 34153
Topical term or geographic name as entry element Philosophy
General subdivision Modern
Chronological subdivision 20th century
942 00 - ADDED ENTRY ELEMENTS (KOHA)
Koha issues (borrowed), all copies 36
Source of classification or shelving scheme Library of Congress Classification
Koha item type Monograph ( Printed materials)
Holdings
Withdrawn status Lost status Source of classification or shelving scheme Damaged status Not for loan Collection code Home library Current library Shelving location Date acquired Total Checkouts Full call number Barcode Date last seen Date checked out Copy number Price effective from Koha item type Checked out
    Library of Congress Classification     Main Collection ARRUPE LIBRARY ARRUPE LIBRARY   04/03/2013 10 B5320.P67 1997 46003012082 18/12/2025 28/10/2025 1 04/03/2013 Monograph ( Printed materials)  
    Library of Congress Classification     Main Collection ARRUPE LIBRARY ARRUPE LIBRARY   04/03/2013 12 B5320.P67 1997 46003092797 06/11/2025 13/10/2025 2 04/03/2013 Monograph ( Printed materials)  
    Library of Congress Classification     Main Collection ARRUPE LIBRARY ARRUPE LIBRARY   04/03/2013 17 B5320.P67 1997 46003012087 16/04/2025 07/04/2025 3 04/03/2013 Monograph ( Printed materials)  
    Library of Congress Classification     Main Collection ARRUPE LIBRARY ARRUPE LIBRARY   04/03/2013 12 B5320.P67 1997 46003012088 03/04/2025 03/04/2025 4 04/03/2013 Monograph ( Printed materials) 17/04/2025
    Library of Congress Classification     Main Collection ARRUPE LIBRARY ARRUPE LIBRARY   04/03/2013 2 B5320.P67 1997 46003012085 09/10/2024 09/09/2024 5 04/03/2013 Monograph ( Printed materials)  
    Library of Congress Classification     Main Collection ARRUPE LIBRARY ARRUPE LIBRARY   04/03/2013 2 B5320.P67 1997 46003012052 21/08/2015 12/08/2015 6 04/03/2013 Monograph ( Printed materials)  
    Library of Congress Classification     Main Collection ARRUPE LIBRARY ARRUPE LIBRARY   04/03/2013 13 B5320.P67 1997 46003012055 23/05/2016 17/05/2016 7 04/03/2013 Monograph ( Printed materials)  
    Library of Congress Classification     Main Collection ARRUPE LIBRARY ARRUPE LIBRARY   04/03/2013 12 B5320.P67 1997 46003074005 28/02/2018 15/02/2018 8 04/03/2013 Monograph ( Printed materials)  
    Library of Congress Classification     Main Collection ARRUPE LIBRARY ARRUPE LIBRARY   04/03/2013 7 B5320.P67 1997 46003074008 04/04/2024 15/03/2024 9 04/03/2013 Monograph ( Printed materials)  
    Library of Congress Classification     Main Collection ARRUPE LIBRARY ARRUPE LIBRARY   04/03/2013 7 B5320.P67 1997 46003074007 22/05/2025 22/01/2025 10 04/03/2013 Monograph ( Printed materials)  
    Library of Congress Classification       ARRUPE LIBRARY ARRUPE LIBRARY   24/09/2018   B5320.P67 1997 46600002131 24/09/2018     24/09/2018 Monograph ( Printed materials)  

 

Arrupe Library. PO Box MP320 Mt Pleasant, Harare, Zimbabwe
263 242 745411|librarian@aju.ac.zw